Exploradores del futuro : cómo la ciencia del mañana traspasará las barreras de lo que imaginamos hoy /

Spremljeno u:
Bibliografski detalji
Glavni autor: Scaliter, Juan (autor)
Format: Knjiga
Jezik:španjolski
Izdano: Barcelona, España : Debate, 2014, c2014
Teme:
Oznake: Dodaj oznaku
Bez oznaka, Budi prvi tko označuje ovaj zapis!

MARC

LEADER 00000nam^a2200000^a^4500
001 000354193
005 20250521000000.0
009 20260310115128.725
020 |a 978-84-9992-283-6 
037 |a Acervo ITESO - Biblioteca 
041 |a ESP 
082 |a 303. 483  |b SCA 
100 |a Scaliter, Juan  |e (autor) 
245 1 0 |a Exploradores del futuro :  |b cómo la ciencia del mañana traspasará las barreras de lo que imaginamos hoy /  |c J. Scaliter ; pról. de Toni Garrido 
264 4 |a Barcelona, España :  |b Debate,  |c 2014, c2014 
300 |a 250 p. 
336 |a texto  |b txt  |2 rdacontenido 
337 |a sin mediación  |b n  |2 rdamedio 
338 |a volumen  |b nc  |2 rdasoporte 
521 |a 2017 BO Licenciatura en Gestión Cultural 
649 |a XX 
650 |a Tecnología y Sociedad 
650 |a Ciencia y Desarrollo 
650 |a Ciencia -  |x Difusión -  |x Tema Principal 
650 |a Ciencia -  |x Difusión -  |x Historia -  |x Siglo XXI 
650 |a Periodismo Científico 
650 |a Sociología de la Ciencia 
910 |a Fondo General 
920 |a Impresos - Libros 
930 |a Colección General 
905 |a 101 
901 |a 0500246953  |b IT1  |c ACC  |i C144095  |u 20250521 
901 |a 0500284419  |b IT1  |c ACC  |i C154082  |u 20250521 
902 |a https://opac.biblio.iteso.mx/vufind/Record/000354193